Statistics for Poorest European Countries

Click here to take the quiz!

General Stats

  • This quiz has been taken 1,732 times
  • The average score is 9 of 10

Answer Stats

#Per Capita IncomeCountry% Correct
4$8,000Albania
93%
1$3,500Moldova
93%
6$10,500Serbia
93%
10$14,200Bulgaria
92%
5$8,300Bosnia & Herzegovina
91%
2$7,400Republic of Kosovo
91%
9$12,800Romania
91%
3$7,600Ukraine
91%
8$11,700Montenegro
89%
7$10,700Macedonia
86%

Score Distribution

Percentile by Number Answered

Percent of People with Each Score

Your Score History

You have not taken this quiz